Capitals of Norwegian Counties - Statistics

General Stats
  • This quiz has been taken 28 times
  • The average score is 12 of 18
Answer Stats
County Answer % Correct
Akershus Oslo
100%
Oslo Oslo
100%
Troms Tromsø
92%
Hordaland Bergen
88%
Buskurud Drammen
80%
Vest-Agder Kristiansand
80%
Rogaland Stavanger
76%
Nordland Bodø
72%
Oppland Lillehammer
68%
Hedmark Hamar
64%
Møre og Romsdal Molde
64%
Telemark Skien
64%
Vestfold Tønsberg
60%
Østfold Sarpsborg
56%
Finnmark Vadsø
52%
Aust-Agder Arendal
40%
Trondelag Steinkjer
36%
Sogn og Fjordane Hermansverk
16%
No matching quizzes found
Score Distribution
Percent of People with Each Score
Percentile by Number Answered
Your Score History
You have not taken this quiz